000 02107cam a22004814i 4500
003 PE-LiUPU
005 20250731175642.0
008 150706s2011 pe a rb 000 0 spa d
020 _a9786123026783
035 _a(Sirsi) i9786123026783
040 _aPE-LiUPU
_bspa
_cPE-LiUPU
_erda
049 _aPRUA
082 0 4 _a468.2
_bC262011
_221
100 1 _aCarneiro Figueroa, Miguel,
_eautor.
245 1 0 _aManual de redacción superior /
_cMiguel Carneiro Figueroa.
250 _a2a ed.
264 1 _aLima :
_bSan Marcos,
_c2011.
300 _a350 páginas :
_bilustraciones ;
_c24 centímetros
336 _atext
_2rdacontent
337 _aunmediated
_2rdamedia
338 _avolume
_2rdacarrier
504 _aIncluye bibliografía.
505 0 _aLos principios -- Los fundamentos -- El nivel de la ideas (¿Qué organiza al texto?) -- La coherencia lineal (La vinculación de las ideas) -- Tipos de texto según la intención comunicativa -- Las especies.
526 _aP145
526 _aP127
526 _aP97
526 _aP35
526 _aP14
526 _aP07
541 _g045-0004361;
541 _g001-0036576;
650 0 4 _aRedacción
_vManuales, etc.
650 0 4 _aEspañol
_xOrtografía
_vManuales, etc.
650 0 4 _aEspañol
_xComposición y ejercicios
_vManuales, etc.
910 _agl
_cng
_d20121204
942 _2ddc
_cBOOK
949 _a468.2 C26 2011
_wDEWEY
_c1
_i65815
_lCCODEBUL1
_mBUL
_p30.00
_r0
_sY
_tBOOK
_u2015-7-6
_xFCE
_zAGB
_o.STAFF. Colección General
949 _a468.2 C26 2011
_wDEWEY
_c2
_i65952
_lCCODEBUL1
_mBUL
_p13.00
_r0
_sY
_tBOOK
_u2015-7-6
_xFCE
_zAGB
_o.STAFF. Colección General
994 _aC0
_bPEPRU
596 _a1
999 _a468.2 C26 2011
_wDEWEY
_c54214
_i65815
_d54214
_e2016-3-28
_f2021-11-8
_g6
_lCCODEBUL1
_mBUL
_n4
_p30.00
_r0
_sY
_tBOOK
_u2015-7-6
_xEDUCACION
_zAGB
_o.STAFF. Colección General
999 _a468.2 C26 2011
_wDEWEY
_c2
_i65952
_lLOST
_mBUL
_p13.00
_r1
_sY
_tBOOK
_u2015-7-6
_xFCE
_zAGB
_o.STAFF. Colección General
980 _81
_gALBERTO SANCHEZ Responsable de Automatización